000
00282nam a2200109Ia 4500
005
20251222141842.0
008
251222s9999||||xx |||||||||||||| ||spa||
082
_a
658.78/M61
245
0
_a
Cadenas LogĂsticas 2012
264
_b
Ministerio de Transportes y Comunicaciones
942
_c
LIB
999
_c
7470
_d
7470